000 00355nam a2200145Ia 4500
003 OSt
005 20240208123308.0
008 170523s9999 xx 000 0 und d
020 _a978-8180547294
040 _ciimt university meerut
100 _aPAL- RAJENDRA
245 0 _aESSENTIALS OF BUSINESS COMMUNICATION
260 _bSULTAN CHAND
942 _2ddc
_c02
999 _c420
_d420